Denticulus - dentikul

Podrobná bibliografia
Hlavný autor: Masár, Ivan, 1930-2008 (Autor)
Médium: Článok
Jazyk:slovenčina
Predmet:

MARC

LEADER 00000nab a2200000 a 4500
001 vtls000273768
003 SK-MaSNL
005 20260304061917.0
008 250422c1986 xo 0 slo
015 |a SNBRB19rr/mm-uuuuu 
035 |a CL0283882 
035 |a urn:nbn:sk:snk-ab1ny5 
035 |a (urnnbn)urn:nbn:sk:snk:ar-004o0h 
035 |a (uuid)00ff0449-6326-4b41-9bad-b75636f75ddf 
040 |a SNKBUCL  |b slo  |c SNKBUCL  |e AACR2 
041 0 |a slo 
044 |a xo  |c SK 
080 |a 808.54-316.4  |2 1981 
080 |a 61  |2 1981 
100 1 |a Masár, Ivan,  |d 1930-2008  |4 aut  |9 13367 
245 1 0 |a Denticulus - dentikul  |c Ivan Masár 
650 0 7 |a slová cudzie latinské  |2 snkbucl  |9 1219325 
650 0 7 |a terminológia stomatologická  |2 snkbucl  |9 1346685 
655 7 |a články z novín a časopisov  |2 snkbucl  |9 267496 
773 0 |t Kultúra slova  |g Roč. 20, č. 6 (1986), s. 222-223 
850 |a Slovenská národná knižnica 
852 |a Slovenská národná knižnica 
954 |a odborná, vedecká literatúra pôvodná (slovenská)  |2 lita 
958 |a article27 
958 |a OND 
958 |a RK 
958 |a MI 
958 |a EUIPO 
992 |a RBX 
999 |c 2735670  |d 2737600